000 00280nam a22001337a 4500
003 SGT
020 _a9780600601043
082 _bESC
100 _aESCOFFIER, AUGUSTE
245 _aESCOFFIER'S MA CUISINE
260 _aHAMLYN PUBLICATION
_c2000
300 _a884
942 _2ddc
_cBK
999 _c16687
_d16687